| 000 | 00738cam a2200193 a 4500 | ||
|---|---|---|---|
| 999 |
_c7688 _d7688 |
||
| 020 | _a0800629175 (alk. paper) | ||
| 050 | 0 | 0 |
_aBR563.N4 _b.Sa5 |
| 100 | 1 | _aSanders, Cheryl Jeanne. | |
| 245 | 1 | 0 |
_aEmpowerment ethics for a liberated people : _ba path to African American social transformation / _cCheryl J. Sanders. |
| 260 |
_aMinneapolis : _bFortress Press, _cc1995. |
||
| 300 |
_ax, 141 p. ; _c22 cm. |
||
| 500 | _aIncludes index. | ||
| 505 | _a: Ethics for a people "In charge" -- Testimony -- Protest -- Uplift -- Cooperation -- Achievement -- Remoralization -- Ministry. | ||
| 650 | 0 |
_aAfrican Americans _xReligion. |
|
| 650 | 0 | _aLiberation theology. | |
| 650 | 0 | _aChristian ethics. | |
| 650 | 0 | _aSocial ethics. | |
| 942 | _cBK | ||